000 00633nam a2200277Ia 4500
005 20260324135131.0
008 008 260324s9999 xx 000 0 eng d
020 _a9780203039304
037 _aEBOOK
040 _aCRL
040 _beng
040 _cCRL
041 _2eng
041 _aeng
084 _qCRL
100 _aAhmed Fagih
_91199463
245 0 _aWho's Afraid of Agatha Christie
260 _bTaylor and Francis
260 _c2000
365 _a
365 _b62.99
856 _uhttp://www.taylorfrancis.com/books/9780203039304
942 _cEBOOK
999 _c1800221
_d1800221